| 000 | 00458nam a22001577a 4500 | ||
|---|---|---|---|
| 999 |
_c60541 _d60541 |
||
| 005 | 20230816120024.0 | ||
| 008 | 230816s1978 enk||||| |||| 00| 0 eng d | ||
| 041 | _aeng | ||
| 080 | _a94 E-21 | ||
| 100 |
_aEdey, Maitland A. _919681 |
||
| 245 |
_aLost World of the Aegean / _cMaitland A. Edey. |
||
| 264 | _c1978. | ||
| 300 |
_a160 p.: _bill.; _c27 cm. |
||
| 653 | _aეგეოსის დაკარგული სამყარო | ||
| 942 |
_2udc _cBK |
||